| 000 | 00359 a2200157 4500 | ||
|---|---|---|---|
| 001 | 11494 | ||
| 020 | _a9788560820832 | ||
| 040 | _cAnchieta - Aquarius | ||
| 100 | _aBarbosa, Rogério Andrade | ||
| 240 | 1 | 0 |
_aContos de Itaparica _lpor |
| 245 | 1 | 0 | _aContos de Itaparica |
| 300 | _a | ||
| 362 | 0 | _a2010 | |
| 650 | 4 | _aLiteratura infanto-juvenil | |
| 942 | _cBK | ||
| 999 |
_c11494 _d11494 |
||